Η γη
Αποθηκεύτηκε σε:
| Κύριος συγγραφέας: | |
|---|---|
| Άλλοι συγγραφείς: | |
| Μορφή: | Βιβλίο |
| Γλώσσα: | Greek French |
| Δημοσίευση: |
Αθήναι :
Παπαδημητρίου,
[c1952].
|
| Σειρά: | 100 Αθάνατα Έργα ;
31 |
| Θέματα: | |
| Ετικέτες: |
Προσθήκη ετικέτας
Δεν υπάρχουν, Καταχωρήστε ετικέτα πρώτοι!
|
MARC
| LEADER | 00000cam a2200000 i 4500 | ||
|---|---|---|---|
| 001 | 1/98531 | ||
| 008 | 081201s1952 gr | ||| |||| ||gre|| | ||
| 035 | |l 10102125 | ||
| 040 | |a GR-MY-UA |b gre |e aacr | ||
| 041 | 1 | |a gre |h fre | |
| 082 | 7 | |a 843.8 |2 (22) | |
| 100 | 1 | |a Zola, Émile, |d 1840-1902. | |
| 245 | 1 | 2 | |a Η γη / |c Αιμίλιου Ζολά ; μετάφραση: Λ. Παυλίδη. |
| 260 | |a Αθήναι : |b Παπαδημητρίου, |c [c1952]. | ||
| 300 | |a 2 τ. ; |c 21 εκ. | ||
| 490 | 1 | |a (100 Αθάνατα Έργα ; |v 31) | |
| 500 | |a Τίτλος πρωτοτύπου: La terre. | ||
| 650 | 0 | 0 | |a French fiction. |
| 651 | 0 | |a France |x Social life and customs |x Fiction. | |
| 700 | 1 | |a Παυλίδης, Λεωνίδας, |d 1896-1956, |e trl | |
| 830 | 0 | |a 100 Αθάνατα Έργα ; |v 31 | |
| 852 | |a INST |b RHODES |c AKA |e 20081201 |h 843.8 ZOL |p 005400028208 |q 005400028208 |t BK |v τ.2.: |y 0 |z τ.2. | ||
| 853 | |a INST |b RHODES |c AKA |h 843.8 ZOL | ||
| 901 | |a BIBL4-2008-3 | ||
| 909 | |a Ρ |b 156515 | ||
| 970 | |a ΚΟΖΑ |b ΜΑΡΙΑ |z 2008/12/01 | ||